Lilī : (Record no. 72090)

MARC details
000 -LEADER
fixed length control field 00637cam a2200205 i 4500
001 - CONTROL NUMBER
control field sa 67000618
003 - CONTROL NUMBER IDENTIFIER
control field DLC
005 - DATE AND TIME OF LATEST TRANSACTION
control field 20260227112316.0
008 - FIXED-LENGTH DATA ELEMENTS--GENERAL INFORMATION
fixed length control field 841105s1964 ii 000 0 hino
010 ## - LIBRARY OF CONGRESS CONTROL NUMBER
LC control number sa 67000618
040 ## - CATALOGING SOURCE
Original cataloging agency DLC
Transcribing agency DLC
Modifying agency DLC
050 00 - LIBRARY OF CONGRESS CALL NUMBER
Classification number PK2098.T7
Item number L5 1964
100 1# - MAIN ENTRY--PERSONAL NAME
Personal name Tripāṭhī, Sūryakānta,
Dates associated with a name 1896-1961.
245 10 - TITLE STATEMENT
Title Lilī :
Remainder of title kahānī saṅgraha /
Statement of responsibility, etc. lekhaka Sūryakānta Tripāṭhī "Nirālā".
260 ## - PUBLICATION, DISTRIBUTION, ETC.
Place of publication, distribution, etc. Lakhanau :
Name of publisher, distributor, etc. Gaṅgā Pustakamālā Kāryālaya,
Date of publication, distribution, etc. [1964]
300 ## - PHYSICAL DESCRIPTION
Extent 145 p. ;
Dimensions 19 cm.
440 #0 - SERIES STATEMENT/ADDED ENTRY--TITLE
Title Gaṅgā-pustakamālā ;
Volume/sequential designation pushpa 133
500 ## - GENERAL NOTE
General note Short stories.
500 ## - GENERAL NOTE
General note In Hindi.

No items available.

Powered by Koha